000 00383nam a2200157Ia 4500
008 230917s9999||||xx |||||||||||||| ||und||
020 _c
_95
040 _e4961
_aMAIN
041 _aEnglish
082 _a309 C139P
100 _aCalvez, Jean-Yves
245 0 _aPolitics and society in the third world
260 _aNew York
_bOrbis Books
_c1971
300 _a327 p.
942 _cBK
999 _c192932
_d192932